Las artes y el artesano

Guardat en:
Dades bibliogràfiques
Autor principal: Wilde, Oscar 1854-1900 (Autor)
Format: Llibre
Idioma:espanyol
Publicat: Madrid Gadir 2010
Col·lecció:Pequeña Biblioteca Gadir
Matèries:
Etiquetes: Afegir etiqueta
Sense etiquetes, Sigues el primer a etiquetar aquest registre!

MARC

LEADER 00000cam a2200000 a 4500
001 UCG9111
003 CL-VaPUC
008 120120e20100000SP |||||||||||||||||spa|d
020 |a 9788496974555 
082 0 4 |a 700.1  |b WIL  |2 21 
100 |a Wilde, Oscar  |d 1854-1900  |e author  |9 347444 
245 1 4 |a Las artes y el artesano 
300 |a 131 p 
942 |c BK 
945 |d 20120120 00:00:00  |a dcastane 
260 |a Madrid  |b Gadir  |c 2010 
650 0 |a Filosofía del arte  |9 264951 
650 0 |a Estética   |9 264950 
650 0 |a Arte británico   |9 352880 
583 |a last modification  |c 20120120 10:38:00  |k Rodrigo Vera 
490 0 |a Pequeña Biblioteca Gadir 
999 |c 346679  |d 346677 
952 |0 0  |1 0  |4 0  |6 700_100000000000000_WIL_2010  |7 0  |8 A  |9 447481  |a BIBART  |b BIBART  |d 2019-11-22  |i 480662K  |o 700.1 WIL 2010  |p 480662K  |r 2025-03-13  |w 2019-11-22  |y BK  |k ART